Jak nastavit efektivní vnitrofiremní komunikaci
Predpoklady kvalitnej vnúptropodnikovej komunikácie. Najčastejšie sa vyskytujúce problémy. Komunikačné kanály: vertikálny, horizontálny a diagonálny komunikačný kanál. Komunikačné kompetencie.
Guardado en:
| Autor principal: | |
|---|---|
| Formato: | Capítulo de libro |
| Lenguaje: | checo |
| Materias: | |
| Etiquetas: |
Sin Etiquetas, Sea el primero en etiquetar este registro!
|
MARC
| LEADER | 00000naa a2200000 4500 | ||
|---|---|---|---|
| 001 | 0160953 | ||
| 005 | 20240315070609.1 | ||
| 041 | 0 | |a cze | |
| 044 | |a CZ | ||
| 245 | 1 | 0 | |a Jak nastavit efektivní vnitrofiremní komunikaci |c Zuzana Šlapalová Čempelová |
| 520 | |a Predpoklady kvalitnej vnúptropodnikovej komunikácie. Najčastejšie sa vyskytujúce problémy. Komunikačné kanály: vertikálny, horizontálny a diagonálny komunikačný kanál. Komunikačné kompetencie. | ||
| 610 | 2 | 0 | |a komunikácia firemná |
| 610 | 2 | 0 | |a komunikácia interná |
| 610 | 2 | 0 | |a kompetencie |
| 610 | 2 | 0 | |a zamestnanci |
| 610 | 2 | 0 | |a manažéri |
| 610 | 2 | 0 | |a informácie |
| 610 | 2 | 0 | |a vedenie podniku |
| 610 | 2 | 0 | |a väzba spätná |
| 100 | 1 | |a Šlapalová Čempelová, Zuzana | |